Quiz sur le LOSC - Statistiques

Statistiques générales
  • Ce quiz a été pris 874 fois
    120 depuis la dernière actualisation
  • Le résultat moyen est 15 sur 21
Statistiques - réponses
Question Réponse % Correct
Joueur belge vendu pour 40 millions à Chelsea en 2012 Eden Hazard
92%
Rival historique Racing Club de Lens
90%
Année des titres de champion de France 2021
89%
Année des titres de champion de France 2011
88%
Nombre de Coupe de france remportées 6
88%
Année de fondation du club 1944
86%
Nom de l'entraîneur actuel Bruno Génésio
86%
Joueur vendu pour 80 millions à Arsenal, record de vente pour le club Nicolas Pépé
86%
Le LOSC a atteint le stade des huitièmes de finale de la ligue des champions en 2007, 2022 et en 2025, quels étaient leurs adversaires ? Dortmund
79%
Nom du trophée remporté en 2021 face au Paris Saint-Germain Trophée des champions
77%
Le LOSC a atteint le stade des huitièmes de finale de la ligue des champions en 2007, 2022 et en 2025, quels étaient leurs adversaires ? Chelsea
76%
Citez les deux joueurs du LOSC présent à la coupe du monde 2022 Jonathan David
66%
Le Losc est issu de la fusion de deux clubs, lesquels ? L'olympique lillois
66%
Le Losc est issu de la fusion de deux clubs, lesquels ? Sporting Club fivois
65%
Compétition de football organisé par l'UEFA remportée en 2004 Coupe intertoto
61%
Le LOSC a atteint le stade des huitièmes de finale de la ligue des champions en 2007, 2022 et en 2025, quels étaient leurs adversaires ? Manchester United
61%
Année des titres de champion de France 1946
59%
Année des titres de champion de France 1954
57%
Stade utilisé par le LOSC de 1975 à 2004 Grimonprez-Jooris
56%
Meilleur buteur de l'histoire du LOSC Jean Baratte
47%
Citez les deux joueurs du LOSC présent à la coupe du monde 2022 Timothy Weah
35%
Aucun quiz correspondant
Distribution des résultats
% des personnes avec chaque résultat
Percentile par nombre de réponses
Votre historique - résultats
Vous n’avez pas pris ce quiz depuis la dernière actualisation